000 00817nam a2200301Ia 4500
003 OSt
005 20221006144450.0
006 a|||||r|||| 00| 0
007 ta
008 221006b |||||||| |||| 00| 0 eng d
020 _aB007F6XO0A
_c35.00
024 _a11,737
037 _cTextual
040 _aEASL
_cEASL
_beng
041 _2eng
_aeng
082 _aV2:19(zB)wM98,1, L9
100 _aMenon K. P. S.
245 0 _aMemories and musings
260 _aBombay
_bAllied Pub. India
_c1979
300 _a362p.
_ccm.
490 _v Gen
650 _a Gen
650 _a India - Foreign relations - China
_9648653
650 _a India - Personalities
_9652073
650 _aIndia - History
942 _hV2:19(zB)wM98,1, L9
_cTEXL
_2CC
999 _c1079823
_d1079823